000 00467nam a2200169Ia 4500
001 21251
003 IN-NITTTR
005 20251114233242.0
008 251113s9999||||xx |||||||||||||| ||eng||
040 _beng
040 _cIN-NITTTR
041 _aeng
082 _a005.43 U1U
100 _aUNIX System Laboratories,
245 0 _aUnix system V release 4- programmer's guide :
_b ANSI C and programming support tools. /
_cUNIX System Laboratories
942 _2ddc
_cBK
999 _c23881
_d23881